Statistics for County Seats of Ohio

Click here to take the quiz!

General Stats

  • This quiz has been taken 502 times
  • The average score is 48 of 88

Answer Stats

CountyCounty Seat% Correct
CuyahogaCleveland
87%
HamiltonCincinnati
86%
FranklinColumbus
86%
MontgomeryDayton
86%
SummitAkron
85%
LucasToledo
85%
ErieSandusky
84%
StarkCanton
79%
MahoningYoungstown
78%
AthensAthens
76%
DelawareDelaware
75%
AllenLima
75%
AshlandAshland
74%
MedinaMedina
73%
MuskingumZanesville
73%
DefianceDefiance
70%
RichlandMansfield
70%
MarionMarion
69%
ClarkSpringfield
68%
Van WertVan Wert
67%
FayetteWashington Court House
67%
WoodBowling Green
66%
CoshoctonCoshocton
65%
LorainElyria
65%
HancockFindlay
63%
TrumbullWarren
63%
RossChillicothe
61%
ButlerHamilton
61%
WashingtonMarietta
60%
LickingNewark
60%
SciotoPortsmouth
60%
JeffersonSteubenville
59%
GreeneXenia
59%
HockingLogan
58%
LawrenceIronton
57%
JacksonJackson
57%
FairfieldLancaster
57%
TuscarawasNew Philadelphia
55%
MiamiTroy
55%
GuernseyCambridge
53%
OttawaPort Clinton
53%
WyandotUpper Sandusky
53%
WayneWooster
52%
PickawayCircleville
51%
PutnamOttawa
51%
UnionMarysville
50%
KnoxMount Vernon
50%
CrawfordBucyrus
49%
PauldingPaulding
49%
SenecaTiffin
49%
ChampaignUrbana
49%
GalliaGallipolis
48%
ClintonWilmington
48%
CarrollCarrollton
47%
SanduskyFremont
47%
AshtabulaJefferson
47%
MadisonLondon
47%
LoganBellefontaine
46%
AuglaizeWapakoneta
46%
DarkeGreenville
45%
HuronNorwalk
45%
WilliamsBryan
44%
WarrenLebanon
44%
HolmesMillersburg
44%
MercerCelina
43%
ShelbySidney
43%
HardinKenton
42%
BelmontSt. Clairsville
41%
HarrisonCadiz
40%
PrebleEaton
40%
LakePainesville
39%
PortageRavenna
39%
GeaugaChardon
38%
HenryNapoleon
38%
FultonWauseon
38%
MorrowMount Gilead
37%
HighlandHillsboro
36%
PikeWaverly
36%
VintonMcArthur
35%
AdamsWest Union
35%
ColumbianaLisbon
33%
MorganMcConnelsville
33%
MeigsPomeroy
32%
ClermontBatavia
31%
NobleCaldwell
31%
PerryNew Lexington
30%
BrownGeorgetown
29%
MonroeWoodsfield
28%

Score Distribution

Percentile by Number Answered

Percent of People with Each Score

Your Score History

You have not taken this quiz